004520000a2200157000450024500260000065000260002665000230005265000180007565000220009365000280011565100190014304100130016270000190017510000230019477300770021710aNonindigenous species14aEspecies introducidas14aEspecies invasoras14aBiodiversidad14aImpacto ambiental14aLegislación ambiental 4pEstados Unidos0 aInglés1 aMeffe, Gary K.1 aWilliams, James D.1 tStatus and Trends of the Nation's Biological Resourcesq117-129d1994g1